Aragông Chuyên luận
Chuyên luận về Aragông giới thiệu lĩnh vực tiểu thuyết để tìm hiểu những sáng tạo nghệ thuật của ông đã góp phần to lớn vào việc đổi mới thể loại này. Thơ và truyện ngắn của ông
সংরক্ষণ করুন:
| প্রধান লেখক: | |
|---|---|
| বিন্যাস: | গ্রন্থ |
| ভাষা: | Vietnamese |
| প্রকাশিত: |
H.
Đại học và trung học chuyên nghiệp
1987
|
| বিষয়গুলি: | |
| ট্যাগগুলো: |
ট্যাগ যুক্ত করুন
কোনো ট্যাগ নেই, প্রথমজন হিসাবে ট্যাগ করুন!
|
| Thư viện lưu trữ: | Mạng thư viện Đại học Đà Nẵng |
|---|
| LEADER | 01441nam a22004098a 4500 | ||
|---|---|---|---|
| 001 | 000006726 | ||
| 003 | 2886 | ||
| 005 | 20120517160514.0 | ||
| 008 | 110920s1987 b 000 0 od | ||
| 020 | |a 10000đ |d 10.000b | ||
| 041 | 0 | |a bt | |
| 041 | 0 | |a 8804 | |
| 041 | 0 | |a vie | |
| 082 | |a 848 |b PH-T | ||
| 084 | |a KC02 |b A109 | ||
| 100 | 1 | |a Phùng Văn Tửu | |
| 245 | 1 | 0 | |a Aragông |b Chuyên luận |c Phùng Văn Tửu |
| 260 | |a H. |b Đại học và trung học chuyên nghiệp |c 1987 | ||
| 300 | |a 455 tr. |c 19 cm. | ||
| 520 | |a Chuyên luận về Aragông giới thiệu lĩnh vực tiểu thuyết để tìm hiểu những sáng tạo nghệ thuật của ông đã góp phần to lớn vào việc đổi mới thể loại này. Thơ và truyện ngắn của ông | ||
| 653 | |a Pháp | ||
| 653 | |a Nghiên cứu văn học | ||
| 653 | |a tiểu thuyết | ||
| 653 | |a Aragông | ||
| 653 | |a thơ | ||
| 653 | |a truyện | ||
| 910 | |a Huỳnh Thị Cẩm Lai |d 20/09/2011 | ||
| OWN | |a LSP | ||
| AVA | |a UDN50 |b LSP |d 848 PH-T |e available |t Error 5001 Not defined in file expand_doc_bib_avail. |f 3 |g 1 |h N |i 0 |k 1 | ||
| 999 | |a From the UDN01 | ||
| AVA | |a UDN50 |b LSP |d 848 PH-T |e available |t Error 5001 Not defined in file expand_doc_bib_avail. |f 3 |g 1 |h N |i 0 |k 1 | ||
| TYP | |a Monograph | ||
| TYP | |a Printed language | ||
| 980 | |a Mạng thư viện Đại học Đà Nẵng | ||